Can we improve understanding of the financial market dependencies in the crisis by their decomposition?

Nový teoretický rámec pre odhad realizovanej kovariancie.

Salvato in:
Dettagli Bibliografici
Autore principale: Baruník, Jozef
Natura: Capitolo di libro
Lingua:inglese
Soggetti:
Tags: Aggiungi Tag
Nessun Tag, puoi essere il primo ad aggiungerne!!

MARC

LEADER 00000naa a2200000 4500
001 0167851
005 20220715113227.3
041 0 |a eng 
044 |a CZ 
245 1 0 |a Can we improve understanding of the financial market dependencies in the crisis by their decomposition?  |c Jozef Baruník 
520 |a Nový teoretický rámec pre odhad realizovanej kovariancie. 
610 2 0 |a kríza finančná 
610 2 0 |a trh finančný 
610 2 0 |a korelácia 
610 2 0 |a ekonometria 
100 1 |a Baruník, Jozef